Loading...
Literature - World Literature | 3 | 4 | 1 | 0 | 80 | 34 | 75.14 | 3 | 7 |
Fine Arts - Visual Fine Arts | 2 | 2 | 0 | 0 | 50 | 29 | 67.25 | 3 | 3 |
Literature - American Literature | 2 | 3 | 3 | 1 | 45 | 53 | 76.40 | 1 | 5 |
Literature - British Literature | 1 | 3 | 0 | 1 | 45 | 53 | 88.50 | 2 | 4 |
Science - Other Science | 0 | 4 | 0 | 0 | 40 | 71 | 93.00 | 1 | 4 |
Philosophy | 0 | 4 | 1 | 1 | 35 | 73 | 89.50 | 2 | 4 |
Literature - European Literature | 2 | 1 | 1 | 0 | 35 | 40 | 61.00 | 3 | 3 |
Science - Chemistry | 0 | 3 | 1 | 0 | 25 | 80 | 92.00 | 0 | 1 |
Mythology | 1 | 1 | 0 | 0 | 25 | 76 | 87.50 | 0 | 2 |
Science - Biology | 0 | 2 | 0 | 1 | 20 | 105 | 107.50 | 0 | 2 |
Social Science | 0 | 2 | 0 | 0 | 20 | 81 | 87.50 | 1 | 2 |
Religion | 1 | 0 | 0 | 0 | 15 | 53 | 53.00 | 0 | 1 |
History - Other History | 0 | 0 | 1 | 0 | -5 | 0.00 | 0 | 0 | |
Science - Physics | 0 | 0 | 3 | 0 | -15 | 0.00 | 0 | 0 |